000 00567nmm a2200193Ia 4500
008 251105s9999||||xx |||||||||||||||||und||
020 _a9788417128562
041 _aspa
100 _aEstrella González, Juan José
245 0 _aLa apariencia de las cosas
264 _a[Madrid, España] :
_bDuomo ediciones,
_c2018
300 _a512 páginas
490 _aNefelibata
650 _aThriller & Suspense
700 _aEstrella González, Juan José
700 1 _a Brundage, Elizabeth
856 _uhttps://public.digitaliapublishing.com/a/68049
942 _cCF
999 _c65188
_d65188